الحماية الجنائية للمستهلك : (رقم التسجيلة. 69468)

تفاصيل مارك
000 -LEADER
fixed length control field 00616nam a22001577a 4500
005 - DATE AND TIME OF LATEST TRANSACTION
control field 20251108172048.0
008 - FIXED-LENGTH DATA ELEMENTS--GENERAL INFORMATION
fixed length control field 250721s1986 xx 000 0 ara d
082 14 - DEWEY DECIMAL CLASSIFICATION NUMBER
Classification number 347/جند
100 1# - MAIN ENTRY--PERSONAL NAME
Personal name الجندي، حسني أحمد
245 10 - TITLE STATEMENT
Title الحماية الجنائية للمستهلك :
Remainder of title الكتاب الأول قانون قمع التدليس و الغش معلقا عليه بأقوال الفقه و أحكام القضاء /
264 1# - PRODUCTION, PUBLICATION, DISTRIBUTION, MANUFACTURE, AND COPYRIGHT NOTICE
Place of production, publication, distribution, manufacture القاهرة :
Name of producer, publisher, distributor, manufacturer دار النهضة العربية،
Date of production, publication, distribution, manufacture, or copyright notice 1986.
300 ## - PHYSICAL DESCRIPTION
Extent 504ص
650 17 - SUBJECT ADDED ENTRY--TOPICAL TERM
Topical term or geographic name as entry element القانون المدني
942 ## - ADDED ENTRY ELEMENTS (KOHA)
Source of classification or shelving scheme Dewey Decimal Classification
Koha item type كتب
المقتنيات
حالة السحب حالة الفقدان مصدر التصنيف حالة التلف غير قابل للإعارة المكتبة الرئيسية المكتبة الحالية موقع الرف تاريخ التزويد الرقم المتسلسل Total Checkouts رقم الإستدعاء الباركود تاريخ آخر ظهور تاريخ الفاتورة نوع المادة (كوها)
    Dewey Decimal Classification     مكتبة النصر العامة مكتبة النصر العامة الإعارة 16/12/2014 1404.   347/جند PLD00312332 28/07/2025 16/12/2014 كتب
Implemented & Customized by: BBB with SCIT (Smart Chains for Information Technology)

Powered by Koha